| 000 | 00603cam a2200205ua 4500 | ||
|---|---|---|---|
| 001 | 1411 | ||
| 008 | 110708n ii |||gr||||Z||||||eng | ||
| 040 | _cMAIN | ||
| 082 | _a320.3 | ||
| 100 | 1 |
_aDas, Mrigendra Narayan, _eAuthor. |
|
| 245 | 1 |
_aTulanamulak sarkar bibyastha _cby Mrigendra Narayan Das |
|
| 250 | _a2nd. | ||
| 260 |
_aDibrugarh: _bStudents Emporium,996. |
||
| 300 |
_a184p: _c23cm. _a196p: _a140p: _a76p: _a54p: |
||
| 653 | _aPolitical science | ||
| 653 | _aTulanamulak sarkar bibyastha | ||
| 700 |
_aLahan, Thaneswar, _eco-author. |
||
| 700 |
_aChahu, Nandakumar, _eco-authoar. |
||
| 942 | _cBK | ||
| 999 |
_c1302 _d1302 |
||